书目信息 |
| 题名: |
全球气候变暖
|
|
| 作者: | 王明星 主编 | |
| 分册: | ||
| 出版信息: | 济南 山东科学技术出版社 1996 |
|
| 页数: | 480页 | |
| 开本: | 26cm | |
| 丛书名: | 中国气候与海面变化及其趋势和影响 | |
| 单 册: | ||
| 中图分类: | P461 | |
| 科图分类: | ||
| 主题词: | 气候学 | |
| 电子资源: | ||
| ISBN: | 7-5331-1625-9 | |
| 000 | 00717nam0 2200229 45 | |
| 001 | 0206171562 | |
| 005 | 20031219104056.6 | |
| 010 | @a7-5331-1625-9@b精装@dCNY58.00 | |
| 100 | @a20020617d1996 km y0chiy0120 ea | |
| 101 | 0 | @achi |
| 105 | @aakf z 000yy | |
| 200 | 1 | @a全球气候变暖@AQuan Qiu Qi Hou Bian Nuan@f王明星主编@FWang Ming Xing Zhu Bian |
| 210 | @a济南@c山东科学技术出版社@d1996 | |
| 215 | @a480页@d26cm | |
| 225 | @a中国气候与海面变化及其趋势和影响@v3@f施雅风主编 | |
| 410 | @12001 @a中国气候与海面变化及其趋势和影响 | |
| 410 | @1700 0@a施雅风@AShi Ya Feng@4主编 | |
| 606 | 0 | @a气候学 |
| 690 | @aP461@v4 | |
| 701 | 0 | @a王明星@4主编 |
| 801 | @aCN@bTSTC@c20020617 | |
| 905 | @b312028-031@dP461@e44:3@f4 | |
| 全球气候变暖/王明星主编.-济南:山东科学技术出版社,1996 |
| 480页;26cm.-(中国气候与海面变化及其趋势和影响;3/施雅风主编) |
| ISBN 7-5331-1625-9(精装):CNY58.00 |
| ● |
| 相关链接 |
|
|
|
|
正题名:全球气候变暖
索取号:P461/44:3
 
预约/预借
| 序号 | 登录号 | 条形码 | 馆藏地/架位号 | 状态 | 备注 |
| 1 | 0312028 | 203120283 | 工具书阅览室/ [索取号:P461/44:3] | 在馆 | |
| 2 | 0312029 | 203120292 | 第三借阅区/ [索取号:P461/44:3] | 在馆 | |
| 3 | 0312030 | 203120309 | 第三借阅区/ [索取号:P461/44:3] | 在馆 | |
| 4 | 0312031 | 203120318 | 第二样本阅览室/ [索取号:P461/44:3] | 在馆 |